<?xml version="1.0" encoding="UTF-8"?>
<record
    xmlns:xsi="http://www.w3.org/2001/XMLSchema-instance"
    xsi:schemaLocation="http://www.loc.gov/MARC21/slim http://www.loc.gov/standards/marcxml/schema/MARC21slim.xsd"
    xmlns="http://www.loc.gov/MARC21/slim">

  <leader>01851nam a2200349 i 4500</leader>
  <controlfield tag="001">167946</controlfield>
  <controlfield tag="003">ES-MaACL</controlfield>
  <controlfield tag="005">20251012212231.0</controlfield>
  <controlfield tag="008">950127s1794    fr acf       |||| |dfre d</controlfield>
  <datafield tag="040" ind1=" " ind2=" ">
    <subfield code="a">EUS </subfield>
    <subfield code="b">spa </subfield>
    <subfield code="c">EUS</subfield>
  </datafield>
  <datafield tag="100" ind1="1" ind2=" ">
    <subfield code="a">Winkelmann, Johann Joachim.</subfield>
    <subfield code="9">133943</subfield>
  </datafield>
  <datafield tag="245" ind1="1" ind2="0">
    <subfield code="a">Histoire de l'art chez les anciens / </subfield>
    <subfield code="c">par Winkelmann ; traduite de l'allemand ; avec des notes historiques et critiques de differens auteurs ; tome premier.</subfield>
  </datafield>
  <datafield tag="260" ind1=" " ind2=" ">
    <subfield code="a">A Paris : </subfield>
    <subfield code="b">chez H.J. Jansen et comp..., </subfield>
    <subfield code="c">an II de la R&#xE9;publique Fran&#xE7;oise... [1794]</subfield>
  </datafield>
  <datafield tag="300" ind1=" " ind2=" ">
    <subfield code="a">[1], cij, 695, [1] p., XXV h. de grab. : </subfield>
    <subfield code="b">il. ; </subfield>
    <subfield code="c">4&#xBA;.</subfield>
  </datafield>
  <datafield tag="505" ind1="8" ind2=" ">
    <subfield code="a">Contiene: M&#xE9;moires sur la vie et les ouvrages de Winkelmann / par M. Huber. Eloge de Winkelmann / par M. Heyne. Additions pour le premier volume.</subfield>
  </datafield>
  <datafield tag="594" ind1=" " ind2=" ">
    <subfield code="a">T&#xED;t. en antep.: "Oeuvres complettes de Winkelmann : tome premier"</subfield>
  </datafield>
  <datafield tag="594" ind1=" " ind2=" ">
    <subfield code="a">El trad. es Michel Huber (Larousse)</subfield>
  </datafield>
  <datafield tag="597" ind1=" " ind2=" ">
    <subfield code="a">Sign.: []4, a-m4, n3, A-Z4, 2A-2Z4, 3A-3Z4, 4A-4S4.</subfield>
  </datafield>
  <datafield tag="597" ind1=" " ind2=" ">
    <subfield code="a">Texto con apostillas marginales.</subfield>
  </datafield>
  <datafield tag="597" ind1=" " ind2=" ">
    <subfield code="a">Port. con grab. calc.</subfield>
  </datafield>
  <datafield tag="597" ind1=" " ind2=" ">
    <subfield code="a">Notas a dos col.</subfield>
  </datafield>
  <datafield tag="597" ind1=" " ind2=" ">
    <subfield code="a">"Additions pour le premier volume", con port. propia.</subfield>
  </datafield>
  <datafield tag="599" ind1=" " ind2=" ">
    <subfield code="a">Front. calc.:"Grav&#xE9; d'apres le Dessin de Salesa fait sur le tableau d'Antoine Rapah&#xE9;l Mengs...", representando al autor.</subfield>
  </datafield>
  <datafield tag="599" ind1=" " ind2=" ">
    <subfield code="a">Las h. de grab. son grabados calcogr&#xE1;ficos.</subfield>
  </datafield>
  <datafield tag="599" ind1=" " ind2=" ">
    <subfield code="a">Il. son calc., algunas a toda plana.</subfield>
  </datafield>
  <datafield tag="650" ind1=" " ind2="7">
    <subfield code="a">Arte antiguo</subfield>
    <subfield code="2">embne</subfield>
    <subfield code="9">145358</subfield>
  </datafield>
  <datafield tag="700" ind1="1" ind2=" ">
    <subfield code="a">Huber, Michael, </subfield>
    <subfield code="d">1727-1804</subfield>
    <subfield code="9">128060</subfield>
  </datafield>
  <datafield tag="700" ind1="1" ind2=" ">
    <subfield code="a">Heyne, Christian-Gottlob.</subfield>
    <subfield code="9">127963</subfield>
  </datafield>
  <datafield tag="852" ind1=" " ind2=" ">
    <subfield code="a">ES-MaACL</subfield>
    <subfield code="j">R-3137-39    </subfield>
    <subfield code="x">Olim:G-7002-7     </subfield>
    <subfield code="z">-- Enc. pasta espa&#xF1;ola con hierros grab.        </subfield>
    <subfield code="x">-- Edic.: Las "Additions" tienen portadilla propia no port. -- El. front. calc. es un retrato del autor</subfield>
  </datafield>
  <datafield tag="999" ind1=" " ind2=" ">
    <subfield code="c">167946</subfield>
    <subfield code="d">167946</subfield>
  </datafield>
  <datafield tag="952" ind1=" " ind2=" ">
    <subfield code="0">0</subfield>
    <subfield code="1">0</subfield>
    <subfield code="4">0</subfield>
    <subfield code="7">0</subfield>
    <subfield code="8">LIBXVIII</subfield>
    <subfield code="a">ATENEOM</subfield>
    <subfield code="b">ATENEOM</subfield>
    <subfield code="c">DEPO</subfield>
    <subfield code="d">2008-01-17</subfield>
    <subfield code="l">0</subfield>
    <subfield code="o">R-3137-39</subfield>
    <subfield code="p">1176195</subfield>
    <subfield code="r">2023-02-23 00:00:00</subfield>
    <subfield code="w">2023-02-23</subfield>
    <subfield code="y">MONANT</subfield>
  </datafield>
</record>
